Fibonaccin luvut minuutissa - Statistics

Yleistilastot
  • Tätä visaa on pelattu 1 240 kertaa
  • Keskiarvotulos 13 / 26
Vastaustilastot
Luku % Oikein
1
100%
1
97%
2
96%
3
95%
5
94%
8
92%
13
89%
21
88%
34
86%
55
84%
89
83%
144
75%
233
58%
377
52%
610
38%
987
32%
1597
24%
2584
10%
4181
5%
10946
3%
6765
3%
17711
1%
28657
1%
46368
1%
121393
0%
75025
0%
Ehtoja vastaavia visoja ei löytynyt
Tulosjakauma
Jokaisen tuloksen saaneiden osuus
Persentiili vastausten määrän mukaan
Tuloshistoriasi
Et ole pelannut tätä visaa